Know the lei of the land : how to make sure your leis can come back to the U.S, mainland.

Bibliographic Details
Corporate Author: United States. Animal and Plant Health Inspection Service. Plant Protection and Quarantine Programs
Format: Government Document eBook
Language:English
Published: [Washington, D.C.] : U.S. Dept. of Agriculture, Animal and Plant Health Inspection Service, Plant Protection and Quarantine, 2012.
Edition:Slightly rev. June 2012.
Series:Program aid (United States. Department of Agriculture) ; 2105.
Subjects:
Online Access:https://purl.fdlp.gov/GPO/gpo28250

MARC

Tag First Indicator Second Indicator Subfields
LEADER 00000cam a2200000 a 4500
001 in00002774591
005 20211120165833.0
006 m d f
007 cr cn|||||||||
008 120914s2012 dcua o f000 0 eng c
035 |a (OCoLC)ocn809927432 
040 |a GPO  |c GPO  |d MvI  |d UtOrBLW 
042 |a pcc 
043 |a n-us--- 
049 |a WWW 
074 |a 0014-A (online) 
086 0 |a A 1.68:2105 
245 0 0 |a Know the lei of the land :  |b how to make sure your leis can come back to the U.S, mainland. 
250 |a Slightly rev. June 2012. 
264 1 |a [Washington, D.C.] :  |b U.S. Dept. of Agriculture, Animal and Plant Health Inspection Service, Plant Protection and Quarantine,  |c 2012. 
300 |a 1 online resource (1 unnumbered page) :  |b color illustrations 
336 |a text  |b txt  |2 rdacontent 
337 |a computer  |b c  |2 rdamedia 
338 |a online resource  |b cr  |2 rdacarrier 
490 1 |a Program aid ;  |v no. 2105 
500 |a Title from title screen (viewed on Sept. 14, 2012). 
500 |a "Travel." 
500 |a Electronic resource. 
650 0 |a Leis  |z United States. 
650 0 |a Plant quarantine  |z United States. 
650 0 |a Plants, Protection of  |x Law and legislation  |z United States. 
650 0 |a Agricultural pests  |z United States. 
710 1 |a United States.  |b Animal and Plant Health Inspection Service.  |b Plant Protection and Quarantine Programs. 
830 0 |a Program aid (United States. Department of Agriculture) ;  |v 2105. 
856 4 0 |u https://purl.fdlp.gov/GPO/gpo28250  |t 0 
999 |a MARS 
999 f f |s 87c1324e-828f-3da1-a2a1-c869f8a3d5ad  |i cab68ee7-80b0-3c80-9637-c5676156259f  |t 0 
952 f f |a Texas A&M University  |b College Station  |c Electronic Resources  |d Available Online  |t 0  |e A 1.68:2105  |h Superintendent of Documents classification 
998 f f |a A 1.68:2105  |t 0  |l Available Online